Statistics for Swiss General Knowledge #3

Click here to take the quiz!

General Stats

  • This quiz has been taken 91 times
  • The average score is 12 of 20

Answer Stats

HintAnswer% Correct
Countries to the eastAustria
99%
Liechtenstein
88%
Tennis GOAT, 18 Grand SlamsRoger Federer
88%
Red Cross headquartersGeneva
77%
Only city hosted the OlympicsSt. Moritz
73%
Swiss mathematician (e=2.71828)Leonhard Euler
68%
Canton of the aboveGrisons
65%
Newest cantonJura
64%
Lakes bordered by InterlakenLake Thun
56%
Largest plain waterfallRhine Falls
56%
Capital of BasellandLiestal
55%
Lake Brienz
53%
Nearest city to the aboveSchaffhausen
53%
Swiss soccer player BreelEmbolo
52%
IATA code for Zurich AirportZRH
52%
Island castle near MontreuxChillon
49%
Colour associated with ^Orange
45%
Highest railway station in EuropeJungfraujoch
44%
River flowing through LucerneReuss
36%
What Gottlieb Duttweiler foundedMigros
35%

Score Distribution

Percentile by Number Answered

Percent of People with Each Score

Your Score History

You have not taken this quiz